[Event "Rated Blitz game"]
[Site "?"]
[Date "2021.11.29"]
[Round "?"]
[White "rebelos"]
[Black "mirekkk14"]
[Result "1/2-1/2"]
[WhiteElo "2425"]
[BlackElo "2424"]
[PlyCount "100"]
[EventDate "2021.??.??"]
[EventType "blitz"]

1. e4 e5 2. Nf3 d5 3. exd5 e4 4. Nd4 Qxd5 5. Nb3 Nf6 6. Nc3 Qe5 7. Qe2 Bd6 8.
d3 exd3 9. Qxe5+ Bxe5 10. Bxd3 O-O 11. O-O c6 12. Be3 Nbd7 13. h3 Re8 14. Rad1
Nb6 15. Bc1 Be6 16. Nc5 Rab8 17. Nxe6 Rxe6 18. Rfe1 Rbe8 19. Kf1 Bxc3 20. bxc3
Nbd5 21. c4 Nb4 22. a3 Nxd3 23. cxd3 Rxe1+ 24. Rxe1 Rxe1+ 25. Kxe1 Kf8 26. g4
b5 27. Be3 a6 28. Kd2 Ke7 29. Kc3 Kd6 30. f3 c5 31. d4 cxd4+ 32. Bxd4 Ne8 33.
Kb4 Kc6 34. h4 bxc4 35. Kxc4 g6 36. h5 f5 37. hxg6 hxg6 38. Be5 Nd6+ 39. Bxd6
Kxd6 40. gxf5 gxf5 41. f4 Kc6 42. a4 a5 43. Kd4 Kd6 44. Kc4 Kc6 45. Kd4 Kd6 46.
Kc4 Kc6 47. Kd4 Kd6 48. Kc4 Kc6 49. Kd4 Kd6 50. Kc4 Kc6 {Normal} 1/2-1/2

[Event "Rated Blitz game"]
[Site "?"]
[Date "2021.11.29"]
[Round "?"]
[White "wegadikuki"]
[Black "Annali-annaliew1979"]
[Result "0-1"]
[WhiteElo "2424"]
[BlackElo "2425"]
[PlyCount "134"]
[EventDate "2021.??.??"]
[EventType "blitz"]

1. e4 e5 2. Nf3 d5 3. exd5 e4 4. Qe2 f5 5. d3 Nf6 6. dxe4 fxe4 7. Nbd2 Be7 8.
Nxe4 Nxe4 9. Qxe4 O-O 10. Bd2 Bf5 11. Qc4 Bd6 12. O-O-O b5 13. Qxb5 Nd7 14. Bd3
Rb8 15. Qc4 Nb6 16. Qd4 Bxd3 17. Qxd3 Na4 18. b3 Ba3+ 19. Kb1 Qf6 20. c3 Bd6
21. Rc1 h6 22. Rhe1 a5 23. Re4 Nc5 24. Qd4 Nxe4 25. Qxe4 a4 26. Qxa4 Ra8 27.
Qe4 Rfb8 28. Rc2 Re8 29. Qd4 Re2 30. Qxf6 gxf6 31. Bxh6 Rxc2 32. Kxc2 Rxa2+ 33.
Kd3 Rxf2 34. Nd4 Rxg2 35. Nf3 Kh7 36. Be3 Rb2 37. b4 Kg6 38. h3 Kh5 39. Ke4 Rb3
40. Bd4 f5+ 41. Kxf5 Bxb4 42. cxb4 Rxf3+ 43. Ke6 Kh4 44. Bc5 Kxh3 45. Kd7 Rf7+
46. Kc6 Kg4 47. Ba7 Kf5 48. Bb8 Ke4 49. Bxc7 Rf2 50. b5 Rc2+ 51. Kb7 Kxd5 52.
b6 Rb2 53. Kc8 Kc6 54. Kb8 Rb5 55. Ka7 Ra5+ 56. Kb8 Ra2 57. Bd8 Rd2 58. Bc7 Ra2
59. Bd8 Ra6 60. Bc7 Ra1 61. Bd8 Rh1 62. Kc8 Rh7 63. Bc7 Rh8+ 64. Bd8 Rh7 65.
Bc7 Rf7 66. b7 Rxc7+ 67. Kb8 Rxb7+ {Normal} 0-1

[Event "Rated Blitz game"]
[Site "?"]
[Date "2021.11.29"]
[Round "?"]
[White "SoydeUriburu"]
[Black "Annali-annaliew1979"]
[Result "1/2-1/2"]
[WhiteElo "2425"]
[BlackElo "2436"]
[PlyCount "100"]
[EventDate "2021.??.??"]
[EventType "blitz"]

1. e4 e5 2. Nf3 d5 3. exd5 e4 4. Qe2 f5 5. d3 Nf6 6. Nc3 Bb4 7. Bg5 Bxc3+ 8.
bxc3 O-O 9. Nd4 Qxd5 10. Bxf6 Rxf6 11. dxe4 fxe4 12. Qc4 c6 13. Qxd5+ cxd5 14.
c4 Nc6 15. Nxc6 bxc6 16. cxd5 cxd5 17. Be2 Be6 18. O-O Rc8 19. Rac1 Rc3 20.
Rfd1 Bf7 21. Rd4 Rfc6 22. Rb1 Rxc2 23. Bd1 Rc1 24. Rb8+ Rc8 25. Rxc8+ Rxc8 26.
Kf1 Rc1 27. Ke2 Kf8 28. Bb3 Rc5 29. Rb4 a5 30. Rb7 g5 31. Ke3 Rc1 32. Kd4 Rf1
33. Ke3 h5 34. Rd7 Re1+ 35. Kd2 Rg1 36. g3 Rg2 37. Ke3 a4 38. Bxd5 Bxd5 39.
Rxd5 Rxh2 40. Rxg5 Kf7 41. Ra5 h4 42. gxh4 Rxh4 43. Rxa4 Rh3+ 44. Ke2 Rh4 45.
Ra5 Ke6 46. Ke3 Rh2 47. Ra6+ Ke5 48. Ra5+ Ke6 49. Ra6+ Kd5 50. Ra5+ Ke6 {Normal
} 1/2-1/2

[Event "Rated Blitz game"]
[Site "?"]
[Date "2021.11.29"]
[Round "?"]
[White "Ertugal"]
[Black "CT-Rex1234"]
[Result "0-1"]
[WhiteElo "2564"]
[BlackElo "2676"]
[PlyCount "34"]
[EventDate "2021.??.??"]
[EventType "blitz"]

1. e4 e5 2. Nf3 d5 3. exd5 e4 4. Qe2 Nf6 5. d3 Bb4+ 6. c3 O-O 7. cxb4 exf3 8.
Qxf3 Nxd5 9. Bd2 Re8+ 10. Be2 Nc6 11. Bc3 Nxc3 12. bxc3 Ne5 13. Qg3 Nxd3+ 14.
Kf1 Nc1 15. Bh5 Qd5 16. Na3 Qxh5 17. Rxc1 Qe2+ {Normal} 0-1

[Event "Rated Blitz game"]
[Site "?"]
[Date "2021.11.29"]
[Round "?"]
[White "Vadim_Yumakhuzhin"]
[Black "JHuNnYx"]
[Result "1-0"]
[WhiteElo "2548"]
[BlackElo "2482"]
[PlyCount "41"]
[EventDate "2021.??.??"]
[EventType "blitz"]

1. e4 e5 2. Nf3 d5 3. exd5 e4 4. Qe2 Nf6 5. d3 Qxd5 6. Nbd2 Be6 7. dxe4 Qd7 8.
Ne5 Qd6 9. Qb5+ Nbd7 10. Nxd7 Bxd7 11. Qxb7 Bc6 12. Bb5 Bxb5 13. Qxa8+ Kd7 14.
c4 Bc6 15. Qxa7 Nxe4 16. Nxe4 Bxe4 17. O-O Be7 18. Be3 Qg6 19. f3 Bc6 20. Rad1+
Ke6 21. Qxc7 {Normal} 1-0

[Event "Rated Blitz game"]
[Site "?"]
[Date "2021.11.29"]
[Round "?"]
[White "mboldysh"]
[Black "JHuNnYx"]
[Result "0-1"]
[WhiteElo "2475"]
[BlackElo "2410"]
[PlyCount "30"]
[EventDate "2021.??.??"]
[EventType "blitz"]

1. e4 e5 2. Nf3 d5 3. Nxe5 dxe4 4. Bc4 Qg5 5. Nxf7 Qxg2 6. Rf1 Bg4 7. Be2 Bxe2
8. Qxe2 Kxf7 9. Qc4+ Ke8 10. Qe6+ Kd8 11. Nc3 Nf6 12. Nd5 Nbd7 13. b3 Bd6 14.
Bb2 Re8 15. Qf7 Qg6 {Normal} 0-1

[Event "Rated Blitz game"]
[Site "?"]
[Date "2021.11.29"]
[Round "?"]
[White "SUATSOYLU"]
[Black "akramelgohary"]
[Result "0-1"]
[WhiteElo "2452"]
[BlackElo "2416"]
[PlyCount "34"]
[EventDate "2021.??.??"]
[EventType "blitz"]

1. e4 e5 2. Nf3 d5 3. exd5 e4 4. Qe2 Nf6 5. c4 Bb4 6. Nc3 O-O 7. Nd4 Bc5 8. Nb3
Bg4 9. Nxc5 Bxe2 10. Bxe2 c6 11. N5xe4 Nxe4 12. Nxe4 cxd5 13. cxd5 Qxd5 14. d3
f5 15. Ng5 Nc6 16. O-O f4 17. Bf3 Qxg5 {Normal} 0-1

[Event "Rated Blitz game"]
[Site "?"]
[Date "2021.11.29"]
[Round "?"]
[White "NateRiver0"]
[Black "Sdjordje12345_s"]
[Result "1-0"]
[WhiteElo "2523"]
[BlackElo "2381"]
[PlyCount "117"]
[EventDate "2021.??.??"]
[EventType "blitz"]

1. e4 e5 2. Nf3 d5 3. exd5 e4 4. Nd4 c6 5. Nb3 cxd5 6. d3 f5 7. dxe4 fxe4 8.
Nc3 Nf6 9. Bb5+ Kf7 10. Bg5 Be6 11. Bxf6 gxf6 12. Qh5+ Ke7 13. O-O-O f5 14. Nd4
Nc6 15. Nxe6 Kxe6 16. Nxd5 Bd6 17. Qh6+ Kf7 18. Bc4 Ne5 19. Bb3 Ng6 20. Ne3+
Kf6 21. Rd5 Qc8 22. Rxf5+ Qxf5 23. Nxf5 Bf4+ 24. Qxf4 Nxf4 25. Ne3 Rhd8 26. g3
Ne2+ 27. Kb1 Nd4 28. Bd5 Rac8 29. c3 Nc6 30. Bxe4 Rd2 31. Bxh7 b5 32. Be4 Na5
33. Rd1 Rcd8 34. Kc1 Nc4 35. Nd5+ Ke5 36. Rxd2 Nxd2 37. Bg2 Ne4 38. Nb4 Rh8 39.
Nd3+ Kf5 40. h3 a5 41. g4+ Kg5 42. Bxe4 Rxh3 43. Bf5 b4 44. cxb4 axb4 45. Nxb4
Rh2 46. Nd3 Kf6 47. a4 Rh1+ 48. Kc2 Ra1 49. Kb3 Ke7 50. Kb4 Kd6 51. Kb5 Rd1 52.
b4 Kc7 53. a5 Rc1 54. a6 Kb8 55. Be4 Ka7 56. Nc5 Re1 57. f3 Rd1 58. Ne6 Rd2 59.
Nc7 {Time forfeit} 1-0

[Event "Rated Blitz game"]
[Site "?"]
[Date "2021.11.29"]
[Round "?"]
[White "Jiggy_Miguel_Vicente"]
[Black "rofaidah"]
[Result "0-1"]
[WhiteElo "2534"]
[BlackElo "2486"]
[PlyCount "82"]
[EventDate "2021.??.??"]
[EventType "blitz"]

1. e4 e5 2. Nf3 d5 3. Nxe5 Qe7 4. d4 f6 5. Nf3 dxe4 6. Nfd2 Nc6 7. c3 Bd7 8.
Nb3 O-O-O 9. Bf4 g5 10. Be3 f5 11. g3 Bh6 12. Qc1 Rf8 13. d5 Ne5 14. Bc5 Nf3+
15. Kd1 Qf7 16. Bxf8 Qxf8 17. Be2 g4 18. Qc2 Nf6 19. c4 Kb8 20. Nc3 Be8 21.
Bxf3 gxf3 22. h3 Nd7 23. Nd4 Ne5 24. Ne6 Qe7 25. b3 Nd3 26. Nd4 Qe5 27. Nxf3
Qg7 28. Nh4 Bh5+ 29. g4 fxg4 30. Ke2 g3+ 31. Kf1 gxf2 32. Nf5 Qg5 33. Nxh6 e3
34. Qxd3 Qxh6 35. Qf5 Rf8 36. Qe5 Bf3 37. Nb5 e2+ 38. Kxf2 Bxh1+ 39. Kg1 Qg6+
40. Kxh1 Rf1+ 41. Kh2 Qg1# {Normal} 0-1

[Event "Rated Blitz game"]
[Site "?"]
[Date "2021.11.29"]
[Round "?"]
[White "Genialny_zolw"]
[Black "Annali-annaliew1979"]
[Result "1-0"]
[WhiteElo "2415"]
[BlackElo "2424"]
[PlyCount "119"]
[EventDate "2021.??.??"]
[EventType "blitz"]

1. e4 e5 2. Nf3 d5 3. exd5 e4 4. Qe2 f5 5. d3 Nf6 6. Bg5 Be7 7. dxe4 fxe4 8.
Bxf6 Bxf6 9. Qxe4+ Kf7 10. Be2 Re8 11. Qc4 b5 12. Qb3 b4 13. Qxb4 Ba6 14. O-O
Bxe2 15. Re1 Bxf3 16. Rxe8 Qxe8 17. gxf3 Nd7 18. Nc3 Bxc3 19. Qxc3 Kg8 20. Qxc7
Nf6 21. c4 Rc8 22. Qf4 Qe2 23. b3 Qb2 24. Qc1 Qe5 25. Rb1 Nh5 26. Qe3 Qf5 27.
Re1 Nf4 28. Kh1 Rf8 29. Qe4 Qh3 30. Rg1 h6 31. d6 a5 32. c5 Ne6 33. c6 Rc8 34.
d7 Rd8 35. Qg4 Qxg4 36. fxg4 Kf7 37. Rc1 Nc7 38. Rc5 Ke7 39. Rxa5 Kd6 40. Rf5
Kxc6 41. Rf7 Rxd7 42. Rxd7 Kxd7 43. Kg2 Ke6 44. Kf3 g5 45. Ke4 Nd5 46. a4 Kd6
47. a5 Nf4 48. b4 Kc6 49. Kd4 Kb5 50. Kc3 Nh3 51. f3 Nf4 52. Kd4 Ne6+ 53. Ke5
Nf4 54. Kf6 Nd3 55. Kg7 Ne5 56. Kxh6 Nxf3 57. h3 Ka6 58. Kh5 Kb5 59. Kg6 Ka6
60. Kf5 {Time forfeit} 1-0

[Event "Rated Blitz game"]
[Site "?"]
[Date "2021.11.29"]
[Round "?"]
[White "danieljaber"]
[Black "KamranShirazi"]
[Result "0-1"]
[WhiteElo "2452"]
[BlackElo "2533"]
[PlyCount "58"]
[EventDate "2021.??.??"]
[EventType "blitz"]

1. e4 e5 2. Nf3 d5 3. Nxe5 Bd6 4. d4 dxe4 5. Nc4 Be7 6. Nc3 f5 7. f3 Nf6 8.
fxe4 Nxe4 9. Nxe4 fxe4 10. Qh5+ g6 11. Qe5 O-O 12. Qxe4 Bf5 13. Qxb7 Bxc2 14.
Be3 Nc6 15. Qxc6 Bb4+ 16. Ke2 Qh4 17. Ne5 Qe4 18. Qc4+ Kh8 19. Qxb4 Rab8 20.
Qc3 Ba4 21. d5 Kg8 22. Ke1 Rbe8 23. Bc4 Bb5 24. Bxb5 Rxe5 25. Kd2 Rxd5+ 26. Bd3
Rfd8 27. Qb3 Kg7 28. Ke2 Rxd3 29. Qg8+ Kxg8 {Normal} 0-1

[Event "Rated Blitz game"]
[Site "?"]
[Date "2021.11.29"]
[Round "?"]
[White "stubborn_steve"]
[Black "Maltinho"]
[Result "1-0"]
[WhiteElo "2520"]
[BlackElo "2649"]
[PlyCount "213"]
[EventDate "2021.??.??"]
[EventType "blitz"]

1. e4 e5 2. Nf3 d5 3. d4 dxe4 4. Nxe5 Bd6 5. Bc4 Bxe5 6. Qh5 Qe7 7. Qxe5 Qxe5
8. dxe5 Nc6 9. Bf4 Nge7 10. Nc3 Ng6 11. Bg3 Ngxe5 12. Bb5 O-O 13. Nxe4 f5 14.
Nc3 f4 15. Bh4 h6 16. f3 Bf5 17. O-O-O g5 18. Bf2 a6 19. Ba4 Rad8 20. Bc5 Rfe8
21. Rhe1 b5 22. Bb3+ Kg7 23. Nd5 Rd7 24. Nc3 Red8 25. Rxd7+ Nxd7 26. Bf2 Nde5
27. Ne4 Bxe4 28. Rxe4 Kf6 29. a3 Kf5 30. Bc5 g4 31. Re2 Nd4 32. Bxd4 Rxd4 33.
fxg4+ Nxg4 34. c3 Rd6 35. h3 Ne3 36. Bc2+ Nxc2 37. Kxc2 Rg6 38. Kd3 c5 39. b4
Rd6+ 40. Kc2 c4 41. Re8 Rg6 42. Re2 Rg3 43. Kd2 Rd3+ 44. Kc2 h5 45. Rf2 h4 46.
Re2 Rg3 47. Kd2 f3 48. gxf3 Rxh3 49. Ke3 Rh1 50. Rd2 h3 51. Rd5+ Ke6 52. Rh5 h2
53. Kf4 Ra1 54. Rh6+ Kf7 55. Rxh2 Rxa3 56. Rh7+ Kg6 57. Ra7 Rxc3 58. Rxa6+ Kf7
59. Rb6 Rb3 60. Rb7+ Ke6 61. Rb6+ Kd7 62. Rxb5 c3 63. Rc5 Kd6 64. Rc4 c2 65.
Rxc2 Rxb4+ 66. Kg3 Ke7 67. Re2+ Kf7 68. Re5 Rb6 69. Rc5 Kg6 70. Kf2 Rf6 71. Rc2
Kf7 72. Re2 Rg6 73. Re1 Rg7 74. Rd1 Kf6 75. Rd6+ Ke5 76. Ra6 Rb7 77. Ra5+ Ke6
78. Ra4 Kd7 79. Re4 Rb2+ 80. Kg3 Rb3 81. Rd4+ Kc6 82. Rf4 Kb6 83. Rg4 Ka5 84.
Rg6 Rb4 85. Rg5+ Ka4 86. Rg6 Ka3 87. Rg7 Rb3 88. Ra7+ Kb2 89. Rd7 Rc3 90. Rd2+
Rc2 91. Rd4 Rc3 92. Rd6 Kc2 93. Rb6 Kc1 94. Rd6 Rc2 95. Re6 Rg2+ 96. Kxg2 Kc2
97. Kg3 Kb2 98. Re5 Kc1 99. Rf5 Kb2 100. Re5 Kc1 101. Re6 Kb1 102. Rd6 Kc1 103.
Rd7 Kb1 104. Rc7 Ka1 105. Rc8 Kb1 106. Rb8+ Ka1 107. Rb7 {Time forfeit} 1-0

[Event "Rated Blitz game"]
[Site "?"]
[Date "2021.11.29"]
[Round "?"]
[White "rebelos"]
[Black "rofaidah"]
[Result "0-1"]
[WhiteElo "2429"]
[BlackElo "2474"]
[PlyCount "82"]
[EventDate "2021.??.??"]
[EventType "blitz"]

1. e4 e5 2. Nf3 d5 3. Nxe5 Qe7 4. d4 f6 5. Nd3 dxe4 6. Nf4 Bf5 7. Nd5 Qd7 8.
Bc4 Nc6 9. Bf4 Bd6 10. Bxd6 Qxd6 11. c3 Nge7 12. Ne3 Bg6 13. Nd2 O-O-O 14. b4
f5 15. Qa4 f4 16. Ng4 e3 17. Nf3 exf2+ 18. Kxf2 h5 19. Nge5 Nxe5 20. Nxe5 Kb8
21. Rhe1 Nf5 22. b5 Ne3 23. Be2 Be4 24. Bf3 Bxf3 25. Nxf3 Qg6 26. Nh4 Qc2+ 27.
Qxc2 Nxc2 28. Ng6 Rhg8 29. Nxf4 Rgf8 30. Kg3 Nxa1 31. Rxa1 Rf5 32. Re1 b6 33.
h4 g5 34. Nd3 gxh4+ 35. Kxh4 Rg8 36. Nb4 Rxb5 37. a4 Rbg5 38. d5 Rxg2 39. Nc6+
Kb7 40. Re3 R8g4+ 41. Kxh5 Rg8 {Time forfeit} 0-1

[Event "Rated Blitz game"]
[Site "?"]
[Date "2021.11.29"]
[Round "?"]
[White "AlenaPfin"]
[Black "rofaidah"]
[Result "0-1"]
[WhiteElo "2622"]
[BlackElo "2493"]
[PlyCount "80"]
[EventDate "2021.??.??"]
[EventType "blitz"]

1. e4 e5 2. Nf3 d5 3. exd5 e4 4. Ng1 Qxd5 5. Nc3 Qe5 6. Qe2 Nf6 7. d3 Bb4 8.
Bd2 O-O 9. dxe4 Re8 10. f4 Qa5 11. e5 Bg4 12. Qc4 Nc6 13. h3 Be6 14. Qb5 Nd5
15. Qxa5 Bxa5 16. Nxd5 Bxd2+ 17. Kxd2 Bxd5 18. Nf3 f6 19. exf6 Bxf3 20. Bc4+
Kf8 21. fxg7+ Kxg7 22. gxf3 Rad8+ 23. Bd3 Nd4 24. Rag1+ Kf6 25. Rg3 Ne2 26. Rg5
Nd4 27. Rf1 Ne6 28. Rf5+ Kg6 29. Rg1+ Kh6 30. Rf7 Rh8 31. Rf6+ Kh5 32. Rxe6
Rhg8 33. Rg4 Rxg4 34. hxg4+ Kh4 35. Ke3 Kg3 36. f5 c5 37. f6 b5 38. b3 Rf8 39.
Bxh7 Kh4 40. Kf4 Kh3 {Time forfeit} 0-1

[Event "Rated Blitz tournament VfVOX2cw"]
[Site "?"]
[Date "2021.11.29"]
[Round "?"]
[White "shadow_CMP"]
[Black "Prambanan_Chess"]
[Result "1/2-1/2"]
[WhiteElo "2325"]
[BlackElo "2571"]
[PlyCount "108"]
[EventDate "2021.??.??"]
[EventType "blitz"]

1. e4 e5 2. Nf3 d5 3. Nxe5 Bd6 4. d4 dxe4 5. Bc4 Bxe5 6. Qh5 Qe7 7. Qxe5 Qxe5
8. dxe5 Nc6 9. Bf4 Bd7 10. Nc3 Nge7 11. Nxe4 Ng6 12. Bg3 Ngxe5 13. Bb3 O-O-O
14. O-O-O f6 15. Nc5 Bf5 16. Ne6 Bxe6 17. Bxe6+ Kb8 18. h4 Rhe8 19. Bf5 g6 20.
Be4 f5 21. Bxc6 Nxc6 22. Rhe1 Rxd1+ 23. Kxd1 Rxe1+ 24. Kxe1 Kc8 25. Ke2 Kd7 26.
Ke3 Nd8 27. Kf4 Ke6 28. Kg5 Nf7+ 29. Kf4 h6 30. f3 g5+ 31. hxg5 hxg5+ 32. Ke3
f4+ 33. Bxf4 gxf4+ 34. Kxf4 Ne5 35. g4 Nc4 36. b3 Na3 37. c4 Nc2 38. Kg5 Nb4
39. Kg6 Nd3 40. Kg5 Ke5 41. a3 Nf4 42. Kh6 Ne6 43. g5 Kf5 44. g6 Kf4 45. g7
Nxg7 46. Kxg7 Kxf3 47. Kf7 Ke4 48. Ke7 Kd4 49. Kd7 Kc3 50. Kxc7 Kxb3 51. c5 Kc4
52. Kxb7 Kxc5 53. Kxa7 Kb5 54. a4+ Kxa4 {Normal} 1/2-1/2

[Event "Rated Blitz game"]
[Site "?"]
[Date "2021.11.29"]
[Round "?"]
[White "SiroglanTalibov"]
[Black "Abdulbaghiyev2003"]
[Result "1-0"]
[WhiteElo "2693"]
[BlackElo "2274"]
[PlyCount "45"]
[EventDate "2021.??.??"]
[EventType "blitz"]

1. e4 e5 2. Nf3 d5 3. Nxe5 Bd6 4. d4 dxe4 5. Bc4 Bxe5 6. Qh5 Qxd4 7. Qxf7+ Kd8
8. Bg5+ Bf6 9. Nc3 Ne7 10. Rd1 Qxd1+ 11. Nxd1 Bxg5 12. Qxg7 Re8 13. Qxg5 Nbc6
14. O-O Bd7 15. Nc3 Kc8 16. Rd1 a6 17. Nxe4 b5 18. Nc5 bxc4 19. Rxd7 Ng6 20. h4
Re5 21. Qg4 Kb8 22. Qxc4 Kc8 23. Qg8+ {Normal} 1-0

[Event "Rated Blitz game"]
[Site "?"]
[Date "2021.11.29"]
[Round "?"]
[White "totoff"]
[Black "Veysi13"]
[Result "0-1"]
[WhiteElo "2440"]
[BlackElo "2321"]
[PlyCount "54"]
[EventDate "2021.??.??"]
[EventType "blitz"]

1. e4 e5 2. Nf3 d5 3. d3 Nc6 4. Nbd2 Nf6 5. c3 Bg4 6. Be2 Bc5 7. O-O O-O 8. b4
Bb6 9. a4 dxe4 10. dxe4 Bxf3 11. Bxf3 a6 12. Nc4 Ba7 13. b5 axb5 14. axb5 Bxf2+
15. Kxf2 Rxa1 16. bxc6 bxc6 17. Nxe5 Qe7 18. Nxc6 Nxe4+ 19. Kg1 Qc5+ 20. Nd4
Nxc3 21. Qd3 Nb5 22. Qxb5 Qxd4+ 23. Kh1 g6 24. h3 Rd8 25. Kh2 Rxc1 26. Rxc1
Qf4+ 27. Kg1 Qxc1+ {Normal} 0-1

[Event "Rated Blitz tournament VfVOX2cw"]
[Site "?"]
[Date "2021.11.29"]
[Round "?"]
[White "cheesman_css"]
[Black "Satu-Hati01"]
[Result "1-0"]
[WhiteElo "2605"]
[BlackElo "2508"]
[PlyCount "79"]
[EventDate "2021.??.??"]
[EventType "blitz"]

1. e4 e5 2. Nf3 d5 3. Nc3 dxe4 4. Nxe4 f5 5. Bc4 fxe4 6. Nxe5 Nf6 7. Bf7+ Ke7
8. b3 Be6 9. Ba3+ Qd6 10. Bxd6+ cxd6 11. Bxe6 Kxe6 12. Nc4 Nc6 13. d3 d5 14.
Ne3 Bb4+ 15. Kf1 Rad8 16. d4 Bc3 17. Rb1 Bxd4 18. g3 Rhe8 19. Kg2 b5 20. Qe2 a6
21. c4 dxc4 22. bxc4 b4 23. Rhd1 Bc5 24. Nd5 Nd4 25. Qe3 Nxd5 26. cxd5+ Rxd5
27. Qxe4+ Re5 28. Qg4+ Kf7 29. Rxd4 Bxd4 30. Qxd4 a5 31. Rc1 R8e7 32. Rc6 g6
33. Qf4+ Kg7 34. Qf6+ Kh6 35. h4 a4 36. Qf8+ Kh5 37. Qf4 b3 38. axb3 axb3 39.
Rc7 Rxc7 40. Qxe5+ {Normal} 1-0

[Event "Rated Blitz game"]
[Site "?"]
[Date "2021.11.29"]
[Round "?"]
[White "Itibster"]
[Black "Rock_Maninoff"]
[Result "1-0"]
[WhiteElo "2446"]
[BlackElo "2316"]
[PlyCount "107"]
[EventDate "2021.??.??"]
[EventType "blitz"]

1. e4 e5 2. Nf3 d5 3. d4 dxe4 4. Nxe5 Bd6 5. Nc4 Be7 6. Nc3 Nf6 7. Bg5 O-O 8.
Qd2 Nc6 9. O-O-O h6 10. Bh4 Bb4 11. a3 Bxc3 12. Qxc3 Nd5 13. Bxd8 Nxc3 14. bxc3
Rxd8 15. Be2 f5 16. f3 a6 17. fxe4 fxe4 18. Ne3 b5 19. Rhf1 Bb7 20. Bg4 Bc8 21.
Bh5 Bd7 22. Bg6 Ne7 23. Bxe4 c6 24. Rde1 Rf8 25. Bf3 Rf6 26. Ng4 Bxg4 27. Bxg4
Rxf1 28. Rxf1 Nd5 29. Be6+ Kh7 30. Bxd5 cxd5 31. Rf5 Rd8 32. Kd2 Kg6 33. g4 Rd6
34. h4 Rf6 35. h5+ Kf7 36. Rxd5 Rf4 37. g5 hxg5 38. Rxg5 Rh4 39. Rc5 Kf6 40.
Kd3 Rh3+ 41. Kd2 Rh2+ 42. Kc1 Rh3 43. Kb2 Rh4 44. Kb3 Ke6 45. Kb4 Kd6 46. Ka5
Rh2 47. Kxa6 Rxc2 48. Kxb5 Rb2+ 49. Kc4 Ra2 50. Kb3 Ra1 51. a4 Rb1+ 52. Kc2 Rb8
53. Rg5 Ra8 54. a5 {Time forfeit} 1-0

[Event "Rated Blitz game"]
[Site "?"]
[Date "2021.11.29"]
[Round "?"]
[White "johndoe695"]
[Black "rubengilmondelo64"]
[Result "0-1"]
[WhiteElo "2413"]
[BlackElo "2332"]
[PlyCount "36"]
[EventDate "2021.??.??"]
[EventType "blitz"]

1. e4 e5 2. Nf3 d5 3. exd5 e4 4. Qe2 Nf6 5. Nc3 Be7 6. Nxe4 O-O 7. c4 Re8 8. d3
c6 9. dxc6 Nxc6 10. Be3 Nxe4 11. dxe4 Bb4+ 12. Bd2 Bf5 13. O-O-O Bxe4 14. Bxb4
Nxb4 15. b3 Qa5 16. a4 b5 17. Kb2 bxa4 18. Ra1 Nd3+ {Normal} 0-1

[Event "Rated Blitz game"]
[Site "?"]
[Date "2021.11.29"]
[Round "?"]
[White "Orlando_Gloom"]
[Black "Maltinho"]
[Result "1-0"]
[WhiteElo "2742"]
[BlackElo "2641"]
[PlyCount "37"]
[EventDate "2021.??.??"]
[EventType "blitz"]

1. e4 e5 2. Nf3 d5 3. d3 Bd6 4. exd5 f5 5. c4 Nf6 6. Nc3 O-O 7. Be2 c5 8. a3 a6
9. O-O h6 10. Ne1 Nbd7 11. Nc2 g5 12. b4 b6 13. Rb1 Qe8 14. Na4 g4 15. bxc5
bxc5 16. Ne3 Qh5 17. h3 Qh4 18. Nxf5 Qg5 19. Bxg5 {Normal} 1-0

[Event "Rated Blitz tournament VfVOX2cw"]
[Site "?"]
[Date "2021.11.29"]
[Round "?"]
[White "JokiiElang"]
[Black "Brawijaya1_BBC"]
[Result "1/2-1/2"]
[WhiteElo "2453"]
[BlackElo "2286"]
[PlyCount "118"]
[EventDate "2021.??.??"]
[EventType "blitz"]

1. e4 e5 2. Nf3 d5 3. Nc3 dxe4 4. Nxe4 Nf6 5. Nxf6+ Qxf6 6. Bc4 Bd6 7. d3 h6 8.
h3 O-O 9. O-O Be6 10. Bxe6 Qxe6 11. Re1 Nc6 12. Be3 Rad8 13. Qe2 Qg6 14. Nh4
Qf6 15. Qg4 Kh8 16. g3 a6 17. Qf5 Qe7 18. Qh5 Qf6 19. Qf5 Qe7 20. Kg2 Qe8 21.
Qh5 Qe6 22. Qg4 Qd5+ 23. Qe4 Qe6 24. Qf5 Qd5+ 25. Qf3 Qe6 26. Nf5 Ne7 27. Nxe7
Qxe7 28. d4 e4 29. Qh5 f5 30. c3 Qf6 31. Bf4 Kh7 32. Bxd6 cxd6 33. Qh4 Qf7 34.
Qf4 d5 35. g4 g5 36. Qxf5+ Qxf5 37. gxf5 Rxf5 38. Re3 Rdf8 39. Rf1 b5 40. a3
Kg6 41. Rg3 Rf3 42. Rxf3 Rxf3 43. Re1 Kf5 44. Re3 Kf4 45. Rxf3+ exf3+ 46. Kg1
h5 47. Kf1 g4 48. hxg4 h4 49. Kg1 Kxg4 50. Kh2 a5 51. b3 a4 52. bxa4 bxa4 53.
Kg1 Kf4 54. Kh2 Kg4 55. Kg1 Kh3 56. Kh1 Kg4 57. Kh2 Kf4 58. Kh3 Kg5 59. Kh2 Kg4
{Normal} 1/2-1/2

[Event "Rated Blitz game"]
[Site "?"]
[Date "2021.11.29"]
[Round "?"]
[White "nelegyelbuta"]
[Black "Pepiton61"]
[Result "0-1"]
[WhiteElo "2402"]
[BlackElo "2315"]
[PlyCount "50"]
[EventDate "2021.??.??"]
[EventType "blitz"]

1. e4 e5 2. Nf3 d5 3. d4 dxe4 4. Nxe5 Bd6 5. Nc4 Nc6 6. Nxd6+ Qxd6 7. c3 Nf6 8.
Bc4 Bg4 9. Qb3 O-O 10. Qxb7 Na5 11. Qa6 Nxc4 12. Qxc4 Be6 13. Qe2 Rab8 14. O-O
Ng4 15. g3 f5 16. Bf4 Qc6 17. b3 a5 18. c4 Bf7 19. Nc3 Bh5 20. Qd2 Nf6 21. d5
Qd7 22. Qd4 Bf3 23. Nd1 g5 24. Be5 f4 25. Bxf6 Qh3 {Normal} 0-1

[Event "Rated Blitz game"]
[Site "?"]
[Date "2021.11.29"]
[Round "?"]
[White "Prommizex"]
[Black "Konevoyazher"]
[Result "1-0"]
[WhiteElo "2412"]
[BlackElo "2316"]
[PlyCount "69"]
[EventDate "2021.??.??"]
[EventType "blitz"]

1. e4 e5 2. Nf3 d5 3. exd5 Bd6 4. Nc3 Nf6 5. d3 O-O 6. Bg5 h6 7. Bh4 Bg4 8. Be2
Nbd7 9. O-O Qc8 10. Re1 Re8 11. Qd2 Bb4 12. h3 Bh5 13. g4 Bg6 14. Bf1 Nxd5 15.
a3 Bxc3 16. bxc3 Nf4 17. d4 e4 18. Qxf4 exf3 19. Qxf3 Bxc2 20. Bg2 c6 21. Kf1
Nb6 22. Rxe8+ Qxe8 23. Re1 Qf8 24. Re7 Nc4 25. Qe2 Bb3 26. Kg1 Nxa3 27. Qb2 g5
28. Bxg5 hxg5 29. Rxb7 Bd5 30. Qc1 f6 31. Rb4 Bxg2 32. Kxg2 Nb5 33. Qb1 Qf7 34.
c4 Qd5+ 35. cxd5 {Time forfeit} 1-0

[Event "Rated Blitz game"]
[Site "?"]
[Date "2021.11.29"]
[Round "?"]
[White "aniket-118"]
[Black "alaeldin1212"]
[Result "1-0"]
[WhiteElo "2450"]
[BlackElo "2379"]
[PlyCount "81"]
[EventDate "2021.??.??"]
[EventType "blitz"]

1. e4 e5 2. Nf3 d5 3. Nxe5 Bd6 4. d4 dxe4 5. Bc4 Bxe5 6. Qh5 Qe7 7. Qxe5 Qxe5
8. dxe5 Ne7 9. Bf4 Nbc6 10. e6 Bxe6 11. Bxe6 fxe6 12. Nc3 Nd5 13. Bd2 Nd4 14.
O-O-O O-O-O 15. Nxe4 e5 16. Bg5 Ne2+ 17. Kb1 Rd7 18. Rhe1 h6 19. Rxe2 hxg5 20.
h3 Nf4 21. Rxd7 Kxd7 22. Rd2+ Kc6 23. f3 Ne6 24. c3 b6 25. Kc2 a5 26. a4 Rf8
27. b3 Rf7 28. Re2 Rd7 29. Nd2 Nf4 30. Rxe5 Nxg2 31. Rxg5 Ne3+ 32. Kc1 Rd3 33.
Ne4 Nd5 34. Kc2 Re3 35. Rg6+ Kb7 36. Rg3 Re2+ 37. Kd3 Nf4+ 38. Kc4 c5 39. Rxg7+
Ka6 40. Nd6 Re3 41. Nb5 {Time forfeit} 1-0

[Event "Rated Blitz game"]
[Site "?"]
[Date "2021.11.29"]
[Round "?"]
[White "forbiddencheapos"]
[Black "blastol"]
[Result "1-0"]
[WhiteElo "2408"]
[BlackElo "2519"]
[PlyCount "72"]
[EventDate "2021.??.??"]
[EventType "blitz"]

1. e4 e5 2. Nf3 d5 3. Nxe5 Bd6 4. d4 dxe4 5. Nc4 h6 6. Nxd6+ Qxd6 7. c3 Nf6 8.
Be2 O-O 9. O-O Nc6 10. b3 Qd5 11. Be3 Qf5 12. Nd2 Qg6 13. Kh1 Nd5 14. c4 Nc3
15. Qe1 Nxe2 16. Qxe2 Bg4 17. Qe1 Rae8 18. Rg1 Qh5 19. d5 Nb4 20. Bc5 Nd3 21.
Qe3 Nxc5 22. Qxc5 Re5 23. Qxc7 Rfe8 24. Rae1 Qh4 25. Qc5 Rh5 26. Nf1 Ree5 27.
Qe3 Ref5 28. Qg3 Rxf2 29. Qxh4 Rxh4 30. Rxe4 f5 31. Re7 Bf3 32. gxf3 g5 33. d6
Rxf3 34. d7 Kf8 35. Re8+ Kf7 36. d8=Q Rhf4 {Normal} 1-0